000 00848nam a22002057a 4500
005 20240527102218.0
010 _aHIN-127627
020 _a9789390923847
_c400.00
035 _aHN-99973
037 _bDBAD
082 _a821
100 _aपोखरियाल, रमेश
_966879
245 _aप्रकृति की गोद में माँ की पाठशाला/
_cरमेश पोखरियाल 'निशंक'
250 _a1
260 _aनई दिल्ली
_bप्रभात प्रकाशन प्रा. लिं.
_c2021
270 _a4/19 आसफ अली रोड ,
_bनई दिल्ली
_e110002
300 _a200पृ.
_c22सेमी. (सजिल्द)
650 _aहिन्दी
_966880
942 _2ddc
_cHN
_h821
_mपोखरि
999 _c202991
_d202991